1949 1819 1386 1181 1629 1471 1125 1366 1367 1399 1527 1149 1799 1885 1896 1060 1047 1269 1116 1159 1971 1393 1892 1581 1313 1464 1967 1728 1120 1023 1276 1860 1965 1757 1579 1826 1546 1646 1978 1695 1206 1132 1773 1939 1471 1909 1047 1071 1897 1091 1743 1025 1136 1726 1898 1406 1581 1277 1397 1246 1178 1616 1924 1237 1515 1296 1246 1547 1994 1497 1694 1995 1440 1628 1488 1706 1029 1892 1008 1773 1458 1781 1391 1087 1600 1275 1487 1568 1541 1765 1069 1695 1792 1052 1715 1324 1896 1878 1432 BCNSPRNW ULIB Ver.6.0+V

เปลี่ยนเป็นภาษาไทย

Change to English
 แสดงรายละเอียดบรรณานุกรม
  กลับหน้าหลัก

Brief Record : Get Marc (ISO 2709) : E-mail record : QR code < ปิดหน้าต่าง
LEADER : 00000nam 2200000uu 4500
001    13399111986
003     ULIB
008    110714s2552||||th 000 0 tha d
020    6167155029
090    นว.^bว483พ535ฝ 2552
100 0  วาริส
245 00 พิศวาสลวง/^cวาริส
250    พิมพ์ครั้งที่ 1
260    กรุงเทพฯ :^bเพื่อนกันพับลิชชิ่ง,^c2552
300    343 หน้า
945    ^p250^l0^i026779
995     เกษร
999    ^aใช้งานได้ทุกระบบ
รายการนี้ยังไม่มีแท็ก
คุณยังไม่ได้ล็อกอิน คุณสามารถมีกิจกรรมร่วมกับเว็บไซต์ได้ แต่ต้องล็อกอินก่อน ::
  ล็อกอิน

รายการสื่อสารสนเทศ

ลำดับที่ ประเภท เลขเรียก/บาร์โค้ด สถานที่ สถานะ
1. วิทยาศาสตร์การแพทย์ และสุขภาพ
วิทยาศาสตร์การแพทย์ และสุขภาพ
นว. ว483พ535ฝ 2552  
  Barcode: 026779
ห้องสมุดวิทยาเขตสวรรค์ประชารักษ์
►นวนิยาย
บนชั้น
  ขอยืม

BibComment


ยังไม่เคยถูกคอมเมนท์

คอมเมนท์ทรัพยากรรายการนี้
  คอมเมนท์: พิศวาสลวง วาริส


 Copyright 2026. Bcnsprnw @Library